000 00577nam a22001937a 4500
003 KOHA_MİRAKIL
005 20251209092637.0
008 251209b tu ||||| |||| 00| 0 tur d
020 _a9786256385351
040 _aTR-AnABB
_btur
_cTR-AnABB
041 _atur
082 _a891.5512
_bEBU 2023
100 1 _aEbubekir Nusret Harputi
245 1 0 _aSaib-i tebrizi divanı şerhi /
_cEbubekir Nusret Harputi
260 _aİstanbul :
_bVakıfbank Kültür Yayınları,
_c2023
300 _a639 sayfa ;
_c24 cm
650 0 4 _aİran edebiyatı, roman
942 _2ddc
_cBK
999 _c9722
_d9722
900 _bGizem YORULMAZ